000 00746nam a2200241Ia 4500
005 20230520114535.0
008 210716s2005 xx 000 0 und d
020 _a9788170087619
040 _cAIMIT LIBRARY
041 _aeng
082 _a005.43
_21
_bAROA
100 _aArora, Ashok.
_9109915
245 _aUnix and c programming /
_cBy Ashok Arora and Shefali Bansal.
250 _a1
260 _aBangalore
_bFirewall media
_c2005
300 _axxiv,560,46,iii p.;
_bPB
_c24 cm.
650 _aConcepts of hardware
_9109916
650 _aOperating system concepts
_9109917
650 _aConcepts of software
_9109918
650 _aGetting to know ms dos
_9109919
700 _aBansal, Shefali.
_9109920
942 _2ddc
_cBK
_k005.43 AROA
999 _c194201
_d194201